Động lực học công trình biển = Dynamics of offshore structures /

Lý thuyết dao động ngẫu nhiên. Tải trọng sóng, gió và dòng chảy tác dụng lên công trình biển. Tính toán phản ứng động lực của công trình biển.

Uloženo v:
Podrobná bibliografie
Hlavní autor: Nguyễn Xuân Hùng.
Médium: Kniha
Jazyk:Vietnamese
Vydáno: Hà Nội : Nxb Hà Nội, 1999.
Témata:
Tagy: Přidat tag
Žádné tagy, Buďte první, kdo otaguje tento záznam!
Thư viện lưu trữ: Mạng thư viện Đại học Đà Nẵng
LEADER 01133cam a2200361 i 4500
001 000049743
003 9804
005 20031231183214.0
008 010416b1999 vm 000 vie
020 |c 32500 
022 |a T 
040 |a IRC  |c IRC  |d IRC 
041 0 |a vie 
082 1 4 |a 627.98  |b NG-H 
100 1 |a Nguyễn Xuân Hùng. 
245 0 0 |a Động lực học công trình biển =  |b Dynamics of offshore structures /  |c Nguyễn Xuân Hùng. 
246 0 1 |a Dynamics of offshore structures. 
260 |a Hà Nội :  |b Nxb Hà Nội,  |c 1999. 
300 |a 300tr. ;  |c 24cm. 
520 3 |a Lý thuyết dao động ngẫu nhiên. Tải trọng sóng, gió và dòng chảy tác dụng lên công trình biển. Tính toán phản ứng động lực của công trình biển. 
630 0 4 |a Động lực học. 
630 0 4 |a Công trình biển. 
650 0 4 |a Động lực học. 
OWN |a DUT 
999 |a From the UDN01 
TYP |a Monograph 
TYP |a Printed language 
980 |a Mạng thư viện Đại học Đà Nẵng